000 00273nam a22001337a 4500
008 170918b xxu||||| |||| 00| 0 eng d
020 _a2900534605116
041 _aeng
080 _a7
100 _a44
101 _aART
245 _aART
_cKLEINER, F.S
942 _2udc
_cBK
999 _c27991
_d27991